Národný plán regionálneho rozvoja Slovenskej republiky schválený uznesením vlády SR č. 240 z 15. marca 2001 (skrátená verzia)

Bibliographic Details
Corporate Author: Slovensko. Ministerstvo výstavby a regionálneho rozvoja. Odbor koncepcie bytovej politiky (Author)
Format: Book
Language:Slovak
PhysicalDescription:46 s., [4] s. príl. fotogr., grafy, mapy, tab. 30 cm
Published: Bratislava Ústav vzdelávania a služieb Ministerstvo výstavby a regionálneho rozvoja Slovenskej republiky 2001
ISBN:8088836867
Subjects:

MARC

LEADER 00000cam a2200000 a 4500
001 vtls001428413
003 SK-MaSNL
005 20260426014425.0
008 240226s2001 xo ab r 000 0 slo
015 |a SNBI2002/04-01681 
020 |a 8088836867 
035 |a SNK000383410 
035 |a urn:nbn:sk:snk-amyat1 
035 |a urn:nbn:sk:snk-am00c7qw 
035 |a 46FAE403-3183-405C-912B-25C61C0D8963 
040 |a SNK  |b slo  |c SNK  |e AACR2 
041 0 |a slo 
044 |a xo  |c SK 
080 |a 338.2(437.6-3)(083.9)  |2 1981 
110 1 |a Slovensko.  |b Ministerstvo výstavby a regionálneho rozvoja.  |b Odbor koncepcie bytovej politiky  |4 aut  |9 67316 
245 1 0 |a Národný plán regionálneho rozvoja Slovenskej republiky schválený uznesením vlády SR č. 240 z 15. marca 2001  |b (skrátená verzia) 
260 |a Bratislava  |b Ústav vzdelávania a služieb  |b Ministerstvo výstavby a regionálneho rozvoja Slovenskej republiky  |c 2001 
300 |a 46 s., [4] s. príl.  |b fotogr., grafy, mapy, tab.  |c 30 cm 
610 2 7 |a Národný plán regionálneho rozvoja Slovenskej republiky  |2 SNK  |9 735896 
650 0 7 |a regionálny rozvoj  |2 SNK  |9 2352 
651 7 |a Slovensko  |2 SNKPHgeo  |9 14231 
919 |a 80-88836-86-7 
958 |a TL 
999 |c 1157086  |d 1159016 
952 |t P60, <03>, [BOOK], {603}  |a SNK  |b SNK  |y PREZ  |7 0  |p 17A0334443  |o snkSB 64577  |i snkKSP 2308/2002  |0 0  |1 0  |4 0  |d 2002-02-22  |f 1  |l 0  |r 2025-04-14 00:00:00  |w 2026-02-24 
952 |t P60, <04>, [BOOK], {604}  |a SNK  |b SNK  |y VYP  |7 0  |p 17A0334445  |o snkSB 64577 D1  |i snkKSP 2309/2002  |0 0  |1 0  |4 0  |d 2002-02-22  |l 0  |r 2005-01-02 00:00:00  |w 2026-02-24 
952 |t P60, <04>, [BOOK], {604}  |a SNK  |b SNK  |y VYP  |7 0  |p 17A0334446  |o snkSB 64577 D2  |i snkKSP 2310/2002  |0 0  |1 0  |4 0  |d 2002-02-22  |l 0  |r 2005-01-02 00:00:00  |w 2026-02-24